1244 1056 1710 1509 1224 1116 1566 1092 1900 1564 1992 1745 1186 1417 1665 1549 1570 1633 1764 1234 1376 1357 1128 1916 1762 1463 1321 1036 1711 1088 1334 1284 1243 1183 1059 1996 1769 1377 1802 1926 1772 1317 1597 1600 1807 1684 1325 1043 1886 1576 1646 1380 1924 1312 1049 1288 1627 1914 1958 1532 1201 1904 1185 1095 1175 1015 1243 1235 1152 1891 1786 1023 1783 1637 1451 1504 1385 1180 1356 1641 1948 1352 1052 1356 1135 1407 1425 1334 1368 1949 1139 1473 1862 1095 1930 1749 1393 1067 1690 BCNSPRNW ULIB Ver.6.0+V

เปลี่ยนเป็นภาษาไทย

Change to English
 แสดงรายละเอียดบรรณานุกรม
  กลับหน้าหลัก

Brief Record : Get Marc (ISO 2709) : E-mail record : QR code < ปิดหน้าต่าง
LEADER : 00000nam 2200000uu 4500
001    13399124909
003     ULIB
008    160429s2558||||th 000 0 tha d
020    ^a9786162796500
060 04 ^aWW100^bค181
245 00 ^aความรู้พื้นฐานทางจักษุวิทยา /^cบรรณาธิการ; อติพร ตวงทอง, วณิชาชื่นกองแก้ว, อภิชาติ สิงคลาลวณิช
250    ^aพิมพ์ครั้งที่ 1
260    ^aกรุงเทพฯ :^bสำนักพิมพ์ศิริราช คณะแพทยศาสตร์ศิริราชพยาบาล มหาวิทยาลัยมหิดล,^c2558.
300    ^a498 หน้า :^bภาพประกอบ ;^c29 ซม.
505 0  ^a... กายวิภาค และเอ็นบริโอวิทยาของตา ... สรีรวิทยาและชีวเคมีของตา ... การชักประวิติ ... การตรวจตาทั่วไป ... การตรวจพิเศษทางจักษุวิทยา ... การวินิจฉัยแยกโรคทางตา ... โรค ของเบ้าตา ... โรคของหนังตาและระบบท่อนํ้าตา ... โรคของเยื่อตา ... โรคของกระจกและสเคลอรา ... โรคของยูเวีย ... โรคของเลนส์ตา ... โรคของจอตาและวุ้นตา ... โรคต้อหิน ... โรคระบบ ประสาทจักษุ ... โรคตาเหล่และภาวะแอมไบลโอเปีย ... ภาวะสายตาผิดปกติ ... โรคตาในเด็ก ... ความผิดปกติทางการมองเห็นในเด็กทารก ... อาการแสดงทางตาในโรคทั่วไป ... การบาดเจ็บ ทางตา ... การรักษาโรคทางตาด้วยยา การรักษาโรคทางตาด้วยเลเซอร์ ... การผ่าตัดหนังตา ... การผ่าตัดตาส่วนหน้า ... การผ่าตัดตาส่วนหลัง ... การผ่าตัดแก้ไขโรคตาเหล่ ... เวชศาสตร์ ป้องกันทางจักษุวิทยา ... หัตถการทางจักษุสำหรับแพทย์เวชปฏิบัติ
650  7 ^aจักษุวิทยา
650  7 ^aตา^xโรค
700 0  ^aอติพร ตวงทอง,^eบรรณาธิการ
700 0  ^aวณิชา ชื่นกองแก้ว,^eบรรณาธิการ
700 0  ^aอภิชาติ สิงคลาลวณิช,^eบรรณาธิการ
710 2  ^aมหาวิทยาลัยมหิดล.^bคณะแพทยศาสตร์ศิริราชพยาบาล
945    ^p1200^l0^i23542
945    ^p1200^l0^i23543
999    ^aทศพร เกษรทอง
รายการนี้ยังไม่มีแท็ก
คุณยังไม่ได้ล็อกอิน คุณสามารถมีกิจกรรมร่วมกับเว็บไซต์ได้ แต่ต้องล็อกอินก่อน ::
  ล็อกอิน

รายการสื่อสารสนเทศ

ลำดับที่ ประเภท เลขเรียก/บาร์โค้ด สถานที่ สถานะ
1. วิทยาศาสตร์การแพทย์ และสุขภาพ
หนังสือสำรอง
สถานะ=หนังสือสำรอง
WW100 ค181 ฉ.1 
  Barcode: 23542
ห้องสมุดวิทยาเขตนครสวรรค์
►ส่วนจัดเก็บหนังสือเก่า นว.
บนชั้น
  ขอยืม
2. วิทยาศาสตร์การแพทย์ และสุขภาพ
วิทยาศาสตร์การแพทย์ และสุขภาพ
WW100 ค181 ฉ.2 
  Barcode: 23543
ห้องสมุดวิทยาเขตนครสวรรค์
►ส่วนจัดเก็บหนังสือเก่า นว.
บนชั้น
  ขอยืม

รายการใกล้เคียง
    หัวเรื่อง [จักษุวิทยา]

BibComment


ยังไม่เคยถูกคอมเมนท์

คอมเมนท์ทรัพยากรรายการนี้
  คอมเมนท์: ความรู้พื้นฐานทา..


 Copyright 2026. Bcnsprnw @Library